| 000 | 00417nam a2200181Ia 4500 | ||
|---|---|---|---|
| 008 | 170705s9999 xx 000 0 und d | ||
| 020 | _a9780439801980 | ||
| 245 | _aKnuffle bunny : | ||
| 245 | _ba cautionary tale / | ||
| 245 | _cMo Willems. | ||
| 260 | _aNew York : | ||
| 260 | _bScholastic, | ||
| 260 | _c2004 | ||
| 300 | _aunpaged : | ||
| 300 | _bcolor illustration ; | ||
| 300 | _c23cm. | ||
| 500 | _a120 | ||
| 999 |
_c335370 _d335370 |
||